000 00523nam a2200169 a 4500
001 000036953
005 20200930080037.0
008 120207s1978 xxu 000 0 spa d
020 _a0394726499
040 _aDO-SdBNP
_bspa
_cBNPHU
100 1 _aDomhoff, William
_963347
245 1 0 _aThe powers that be processes of ruling-class domination in America /
_cWilliam Domhoff.
260 _aNew York :
_bVintage Books ,
_c1978.
300 _a206 p. : ;
_c20 cm.
490 1 _aSocial sciences
830 0 _aSocial sciences
_963348
999 _c36443
_d36443